000 00830nam0a22002891 4500
001 v19\rc\1949809
005 20251118180914.3
035 _a(NLR Aleph) 005034861
090 _a6730216
_c6730216
100 _a20080428d1913 u y0rusy50 ca
101 0 _arus
102 _aRU
105 _ay z |||a|
200 1 _aПокаяние
_eРоман
210 _aМосква
_cтип. п/ф "Ломоносов"
_d1913
215 _a256 с.
_d22
225 1 _aСобрание сочинений
_fКонстантин Клюк
_vТ. 1
700 1 _aКлюк
_bК.
_gКонстантин
801 0 _aRU
_bNLR
_gpsbo
801 0 _aRU
_bRuMoRGB
_2psbo
801 1 _aRU
_bProSoft-M
_2rusmarc
852 _aNLR
_j37.43.3.22
899 _aRuMoRGB
_jF 119/89
899 _aRuMoRGB
_jV 554/51
899 _aБАН
942 _cBOOK
980 _aNB